00879nam a2200253Ia 4500003000900000008004100009040001300050040001300063041000800076100001500084245012300099250000900222260000800231260000900239300001100248300001200259490002100271490000600292600009100298700001800389942000700407999001700414952019400431IT-RoPAU120407s9999 xx 000 0 und d aIT-RoPAU cIT-RoPAU aita aG. Cottier a"Chiesa e povertà. Pref. del Patriarca Maximos IV e del Card. Lercaro. Trad. dal franc. di B. Calì e di L. Tosti." aRoma aAve c1968 a326 p. c21,5 cm aTeologia oggi, 6 v1 a"230 5/57 - Ed. Franc. Eglise et pauvreté . Du Cerf, 1965. (Unam sanctam, 57" aJ. C. Baumont cBK c32636d32636 00102ddc406230_46000000000000071aPAULUSbPAULUSd2012-04-11l0o230.46r2012-04-11 00:00:00w2012-04-11yBKzInserito da: Anna In data: 07 agosto 2011 fondo: Via A.Severo 56 Progr:3073